书目信息 |
| 题名: |
公共科目
|
|
| 作者: | 刘嘉林 主编 ;人事部考试录用司 组织编写 | |
| 分册: | ||
| 出版信息: | 北京 国际文化出版公司 1996 |
|
| 页数: | 574页 | |
| 开本: | 20cm | |
| 丛书名: | ||
| 单 册: | ||
| 中图分类: | D630.3 | |
| 科图分类: | 32.267 | |
| 主题词: | 国家公务员制度--考核--中国--教材 | |
| 电子资源: | ||
| ISBN: | 7-80105-243-9 | |
| 000 | 00795nam0 2200253 45 | |
| 001 | 0195019249 | |
| 005 | 20070721164153.50 | |
| 010 | @a7-80105-243-9@dCNY19.80 | |
| 100 | @a19950506d1996 em y0chiy0121 ea | |
| 101 | 0 | @achi |
| 102 | @aCN@b110000 | |
| 105 | @ay z 000yy | |
| 200 | 10 | @a公共科目@AGONG GONG KE MU@f刘嘉林主编@FLIU JIA LIN ZHU BIAN@g人事部考试录用司组织编写 |
| 210 | @a北京@c国际文化出版公司@d1996 | |
| 215 | @a574页@d20cm | |
| 300 | @a国家公务员录用考试全国统编教材 | |
| 540 | 1 | @a公务员@AGONG WU YUAN |
| 606 | @a国家公务员制度@x考核@y中国@x教材 | |
| 690 | @aD630.3@v三版 | |
| 692 | @a32.267 | |
| 701 | 0 | @a刘嘉林@ALIU JIA LIN@4主编 |
| 712 | 02 | @a人事部考试录用司@AREN SHI BU KAO SHI LU YONG SI@4组织编写 |
| 801 | 0 | @aCN@bTSSF@c20070721 |
| 905 | @a10447@dD630.3@e116 | |
| 公共科目/刘嘉林主编/人事部考试录用司组织编写.-北京:国际文化出版公司,1996 |
| 574页;20cm |
| 国家公务员录用考试全国统编教材 |
| ISBN 7-80105-243-9:CNY19.80 |
| ● |
| 相关链接 |
|
|
|
|
正题名:公共科目
索取号:D630.3/116
 
预约/预借
| 序号 | 登录号 | 条形码 | 馆藏地/架位号 | 状态 | 备注 |
| 1 | 0766470 | 207664703 | 第一样本阅览室/ [索取号:D630.3/116] | 在馆 |